Физическая химия
| 1. autor: | |
|---|---|
| Kolejni autorzy: | |
| Język: | rosyjski |
| Wydane: |
Москва, Мир, 2007
|
| Seria: | Лучший зарубежный учебник |
| Format: | MixedMaterials Książka |
| KOHA link: | https://koha.lib.tpu.ru/cgi-bin/koha/opac-detail.pl?biblionumber=122184 |
MARC
| LEADER | 00000nam1a2200000 4500 | ||
|---|---|---|---|
| 001 | 122184 | ||
| 005 | 20231031125852.0 | ||
| 010 | |a 5030037896 | ||
| 035 | |a (RuTPU)RU\TPU\book\132309 | ||
| 090 | |a 122184 | ||
| 100 | |a 20070927d2007 m y0rusy50 ca | ||
| 101 | 0 | |a rus | |
| 102 | |a RU | ||
| 200 | 1 | |a Физическая химия |f П. Эткинс, Дж. де Палуа | |
| 210 | |a Москва |c Мир |d 2007 | ||
| 225 | 1 | |a Лучший зарубежный учебник | |
| 700 | 1 | |a Эткинс |b П. |g Питер | |
| 701 | 1 | |a де Палуа |b Дж. |g Джулио | |
| 801 | 1 | |a RU |b 63413507 |c 20070927 |g PSBO | |
| 801 | 2 | |a RU |b 63413507 |c 20070927 |g PSBO | |
| 942 | |c BK | ||